[Event "Muensterland Verbandsklasse-A 1213"]
[Site "Germany"]
[Date "2013.02.16"]
[Round "6.6"]
[White "Kaisel, Rene"]
[Black "Buss, Harald"]
[Result "1/2-1/2"]
[WhiteElo "1425"]
[BlackElo "1788"]
[PlyCount "84"]
[EventDate "2012.09.15"]
[EventType "team-tourn"]
[EventRounds "9"]
[EventCountry "GER"]
[SourceTitle "EXT 2015"]
[Source "ChessBase"]
[SourceDate "2014.11.20"]
[SourceVersion "1"]
[SourceVersionDate "2014.11.20"]
[SourceQuality "1"]
[WhiteTeam "Neuenkirchen II"]
[BlackTeam "Muenster Indische Dame"]
[WhiteTeamCountry "GER"]
[BlackTeamCountry "GER"]

1. d4 e6 2. Bf4 c5 3. e3 Nf6 4. Nf3 Be7 5. Be2 b6 6. 0-0 Bb7 7. c3 0-0 8. Nbd2 d6 9. h3 Nbd7 10. Rc1 Ne4 11. Nxe4 Bxe4 12. Nd2 Bg6 13. Nf3 Kh8 14. Qb3 Qc7 15. Rfd1 Rad8 16. Bg3 h6 17. Nh4 Bh7 18. Nf3 Nf6 19. Qa4 Rb8 20. Re1 Rbd8 21. a3 Be4 22. Nd2 Bc6 23. Qc2 Qb7 24. Bf3 Bxf3 25. Nxf3 Ne4 26. Bh2 Bf6 27. Nd2 Nxd2 28. Qxd2 d5 29. Rc2 Be7 30. Rec1 c4 31. Qe2 f5 32. Be5 Bf6 33. Bg3 Be7 34. Be5 Bd6 35. Bxd6 Rxd6 36. f4 Qf7 37. Rf1 Rg8 38. Kh1 g6 39. Qf2 Rd7 40. Qh4 Kh7 41. Rg1 g5 42. fxg5 Rxg5 1/2-1/2

[Event "Muensterland Verbandsklasse-A 1213"]
[Site "Germany"]
[Date "2012.10.20"]
[Round "2.7"]
[White "Kaisel, Rene"]
[Black "Hund, Reinhard"]
[Result "1/2-1/2"]
[WhiteElo "1425"]
[BlackElo "1706"]
[PlyCount "42"]
[EventDate "2012.09.15"]
[EventType "team-tourn"]
[EventRounds "9"]
[EventCountry "GER"]
[SourceTitle "EXT 2015"]
[Source "ChessBase"]
[SourceDate "2014.11.20"]
[SourceVersion "1"]
[SourceVersionDate "2014.11.20"]
[SourceQuality "1"]
[WhiteTeam "Neuenkirchen II"]
[BlackTeam "Muenster SK IV"]
[WhiteTeamCountry "GER"]
[BlackTeamCountry "GER"]

1. e4 c6 2. d4 d5 3. e5 Bf5 4. Nf3 e6 5. Be2 c5 6. 0-0 h6 7. Be3 Qb6 8. Qc1 Nc6 9. c3 Rc8 10. Qd2 cxd4 11. Bxd4 Bc5 12. Bxc5 Qxc5 13. Na3 a6 14. Rac1 b5 15. Nd4 Nge7 16. Nxf5 Nxf5 17. Bd3 Nfe7 18. Qf4 Rf8 19. Nc2 f5 20. exf6 Rxf6 21. Qg3 g6 1/2-1/2

[Event "Steinfurt Bezirksliga 1112"]
[Site "Germany"]
[Date "2012.05.05"]
[Round "8.7"]
[White "Niering, Bernhard"]
[Black "Kaisel, Rene"]
[Result "1-0"]
[WhiteElo "1228"]
[BlackElo "1377"]
[PlyCount "89"]
[EventDate "2011.10.01"]
[EventType "team-tourn"]
[EventRounds "9"]
[EventCountry "GER"]
[SourceTitle "EXT 2013"]
[Source "ChessBase"]
[SourceDate "2012.11.22"]
[SourceVersion "1"]
[SourceVersionDate "2012.11.22"]
[SourceQuality "1"]
[WhiteTeam "Steinfurt III"]
[BlackTeam "Neuenkirchen II"]
[WhiteTeamCountry "GER"]
[BlackTeamCountry "GER"]

1. d4 d5 2. e3 Nf6 3. f4 e6 4. Nf3 Be7 5. Bd3 0-0 6. 0-0 c5 7. c3 c4 8. Bc2 Nc6 9. b3 b5 10. Bd2 a5 11. a3 Bb7 12. Be1 Rc8 13. Bh4 Ng4 14. Bxe7 Qxe7 15. Qe1 h6 16. h3 Nf6 17. Ne5 Nd7 18. b4 a4 19. Nd2 Ndxe5 20. fxe5 f6 21. exf6 Rxf6 22. Qg3 Rcf8 23. Rf3 e5 24. Raf1 e4 25. Rxf6 Rxf6 26. Rxf6 Qxf6 27. Qc7 Qe7 28. Qb6 Nd8 29. Qxb5 Bc6 30. Qb8 Qe8 31. Bd1 Kf8 32. Qd6+ Qe7 33. Qf4+ Kg8 34. Nf1 g5 35. Qf5 Qe6 36. Ng3 Bd7 37. Bg4 Qxf5 38. Nxf5 Bxf5 39. Bxf5 Kf7 40. Bd7 Ke7 41. Bxa4 Kd6 42. Kf2 h5 43. Kg3 Ke6 44. h4 Kf6 45. Be8 1-0

[Event "Neuenkirchen SFN CC-ch"]
[Site "Neuenkirchen"]
[Date "2012.01.13"]
[Round "5"]
[White "Winter, Reinhold"]
[Black "Kaisel, Rene"]
[Result "1-0"]
[WhiteElo "1482"]
[BlackElo "1431"]
[PlyCount "51"]
[EventDate "2011.09.16"]
[EventType "tourn"]
[EventRounds "9"]
[EventCountry "GER"]
[SourceTitle "EXT 2013"]
[Source "ChessBase"]
[SourceDate "2012.11.22"]
[SourceVersion "1"]
[SourceVersionDate "2012.11.22"]
[SourceQuality "1"]

1. c4 e5 2. Nc3 Nf6 3. g3 Be7 4. Bg2 0-0 5. e3 d6 6. Nge2 c5 7. 0-0 Nc6 8. b3 Be6 9. Bb2 Qd7 10. f4 Bh3 11. fxe5 Nxe5 12. Nf4 Bxg2 13. Kxg2 a6 14. d4 cxd4 15. exd4 Ng6 16. Qf3 Rab8 17. Rae1 Bd8 18. Ncd5 Nxd5 19. Qxd5 b5 20. c5 Ne7 21. Qxd6 Qb7+ 22. d5 Ng6 23. Nxg6 hxg6 24. c6 Qb6 25. Be5 Bc7 26. Qxc7 1-0

[Event "Steinfurt Bezirksliga 1112"]
[Site "Germany"]
[Date "2011.11.26"]
[Round "3.8"]
[White "Kroeger, Ralf"]
[Black "Kaisel, Rene"]
[Result "0-1"]
[WhiteElo "1473"]
[BlackElo "1377"]
[PlyCount "42"]
[EventDate "2011.10.01"]
[EventType "team-tourn"]
[EventRounds "9"]
[EventCountry "GER"]
[SourceTitle "EXT 2013"]
[Source "ChessBase"]
[SourceDate "2012.11.22"]
[SourceVersion "1"]
[SourceVersionDate "2012.11.22"]
[SourceQuality "1"]
[WhiteTeam "Steinfurt II"]
[BlackTeam "Neuenkirchen II"]
[WhiteTeamCountry "GER"]
[BlackTeamCountry "GER"]

1. d4 d5 2. c4 e6 3. Nc3 Nf6 4. Bg5 Be7 5. e3 0-0 6. Bd3 h6 7. Bh4 a6 8. Nf3 Nc6 9. 0-0 Re8 10. Rc1 Nb4 11. cxd5 exd5 12. Bb1 Bg4 13. a3 Nc6 14. Qd3 g6 15. Qe2 Ne4 16. Bxe7 Rxe7 17. Nd1 Ng5 18. Kh1 Nxd4 19. Qd3 Ndxf3 20. gxf3 Bxf3+ 21. Kg1 Nh3# 0-1

[Event "Neuenkirchen SFN CC-ch"]
[Site "Neuenkirchen"]
[Date "2011.10.14"]
[Round "2"]
[White "Kaisel, Rene"]
[Black "Miethe, Christoph"]
[Result "0-1"]
[WhiteElo "1431"]
[BlackElo "1866"]
[PlyCount "102"]
[EventDate "2011.09.16"]
[EventType "tourn"]
[EventRounds "9"]
[EventCountry "GER"]
[SourceTitle "EXT 2013"]
[Source "ChessBase"]
[SourceDate "2012.11.22"]
[SourceVersion "1"]
[SourceVersionDate "2012.11.22"]
[SourceQuality "1"]

1. d4 d5 2. Nf3 e6 3. e3 Nf6 4. Be2 Nbd7 5. 0-0 b6 6. c4 dxc4 7. Bxc4 Bb7 8. Nc3 Be7 9. Re1 0-0 10. e4 Bb4 11. e5 Bxc3 12. bxc3 Nd5 13. Qd3 h6 14. Bb3 f5 15. exf6 Qxf6 16. Bc2 Qf5 17. Qd2 Qf7 18. Bb2 Nf4 19. Qe3 Nxg2 20. Kxg2 Qxf3+ 21. Qxf3 Bxf3+ 22. Kg1 Bd5 23. Bb3 Bxb3 24. axb3 Rf6 25. Re2 a5 26. Rae1 Raf8 27. c4 Kh7 28. d5 Rg6+ 29. Kf1 exd5 30. cxd5 Rf5 31. Rd2 Nc5 32. Re7 Nxb3 33. Rc2 Nc5 34. Rxc7 Rxd5 35. Ba3 Ne4 36. Re7 Ng5 37. Rcc7 Nf3 38. Bb2 Rd1+ 39. Ke2 Rd2+ 40. Kxf3 Rxb2 41. Ra7 Rb3+ 42. Ke2 Rh3 43. Reb7 Rxh2 44. Ra6 Rf6 45. Rbxb6 Rhxf2+ 46. Ke3 Rxb6 47. Rxb6 Ra2 48. Kf4 a4 49. Kf5 a3 50. Ke6 Rg2 51. Ra6 Rg6+ 0-1

[Event "Steinfurt Bezirksliga 1011"]
[Site "Germany"]
[Date "2011.01.22"]
[Round "4.8"]
[White "Kaisel, Rene"]
[Black "Krampe, Jennifer"]
[Result "1-0"]
[WhiteElo "1442"]
[BlackElo "876"]
[PlyCount "91"]
[EventDate "2010.10.02"]
[EventType "team-tourn"]
[EventRounds "9"]
[EventCountry "GER"]
[SourceTitle "EXT 2012"]
[Source "ChessBase"]
[SourceDate "2011.11.24"]
[SourceVersion "1"]
[SourceVersionDate "2011.11.24"]
[SourceQuality "1"]
[WhiteTeam "Neuenkirchen II"]
[BlackTeam "Emsdetten Turm III"]
[WhiteTeamCountry "GER"]
[BlackTeamCountry "GER"]

1. e4 e5 2. Nf3 Nc6 3. Bc4 Bc5 4. 0-0 Nf6 5. Nc3 d6 6. h3 Qe7 7. d3 Be6 8. Bxe6 Qxe6 9. Na4 Nd4 10. Nxc5 Nxf3+ 11. Qxf3 dxc5 12. b3 h6 13. Bb2 0-0-0 14. Qg3 Nh5 15. Qxe5 Qxe5 16. Bxe5 f6 17. Bh2 g5 18. f4 Rhf8 19. Rf2 gxf4 20. Bxf4 Nxf4 21. Rxf4 Rf7 22. Raf1 Rdf8 23. e5 Kd7 24. exf6 Re8 25. R1f2 Re1+ 26. Kh2 h5 27. Rh4 Ke6 28. Rxh5 Rxf6 29. Rxf6+ Kxf6 30. Rxc5 c6 31. Kg3 Re2 32. Kf3 Re1 33. g4 Kg6 34. h4 Rf1+ 35. Ke2 Rf4 36. h5+ Kh6 37. Rc4 Rf7 38. a4 Re7+ 39. Kf3 Kg5 40. Rc5+ Kh6 41. Kf4 Rf7+ 42. Rf5 Rxf5+ 43. Kxf5 b6 44. Ke6 c5 45. Kd6 Kg5 46. Kc6 1-0

[Event "Steinfurt Bezirk-ch 0910"]
[Site "Neuenkirchen"]
[Date "2010.01.08"]
[Round "6"]
[White "Hemmert, Michael"]
[Black "Kaisel, Rene"]
[Result "1-0"]
[WhiteElo "1862"]
[BlackElo "1404"]
[PlyCount "57"]
[EventDate "2009.10.23"]
[EventType "swiss"]
[EventRounds "7"]
[EventCountry "GER"]
[SourceTitle "EXT 2011"]
[Source "ChessBase"]
[SourceDate "2010.11.26"]
[SourceVersion "1"]
[SourceVersionDate "2010.11.26"]
[SourceQuality "1"]

1. d4 d5 2. Bf4 Nf6 3. e3 g6 4. Bd3 Bg7 5. Nf3 0-0 6. h3 c6 7. c3 Nbd7 8. Nbd2 c5 9. 0-0 c4 10. Bc2 b5 11. a4 bxa4 12. Rxa4 Nb6 13. Ra2 Bb7 14. Ne5 Nh5 15. Bh2 f5 16. Qf3 Nd7 17. Ndxc4 Nxe5 18. Nxe5 Nf6 19. Rfa1 a5 20. c4 Ne4 21. c5 Bxe5 22. Bxe5 e6 23. Ba4 Qc8 24. Qe2 Ba6 25. Bb5 Bxb5 26. Qxb5 Qd8 27. Rxa5 Rxa5 28. Rxa5 Qh4 29. Qe2 1-0

[Event "Steinfurt Bezirk-ch 0910"]
[Site "Neuenkirchen"]
[Date "2009.12.13"]
[Round "5"]
[White "Carstensen, Jens"]
[Black "Kaisel, Rene"]
[Result "1/2-1/2"]
[WhiteElo "1600"]
[BlackElo "1404"]
[PlyCount "54"]
[EventDate "2009.10.23"]
[EventType "swiss"]
[EventRounds "7"]
[EventCountry "GER"]
[SourceTitle "EXT 2011"]
[Source "ChessBase"]
[SourceDate "2010.11.26"]
[SourceVersion "1"]
[SourceVersionDate "2010.11.26"]
[SourceQuality "1"]

1. d4 d5 2. c4 c6 3. Nf3 Nf6 4. g3 g6 5. Bg2 Bg7 6. 0-0 0-0 7. b3 Bd7 8. Nc3 Qc8 9. Ba3 Re8 10. Rc1 dxc4 11. bxc4 Bh3 12. Qb3 Bxg2 13. Kxg2 b6 14. d5 cxd5 15. cxd5 Qf5 16. Rfe1 Na6 17. e4 Qc8 18. e5 Nd7 19. d6 exd6 20. Bxd6 Ndc5 21. Qc4 Qb7 22. Qd5 Qxd5 23. Nxd5 Nd3 24. Ne7+ Kh8 25. Ng5 Nxe1+ 26. Rxe1 h6 27. Nxf7+ Kh7 1/2-1/2

[Event "Steinfurt Bezirksliga 0809"]
[Site "Germany"]
[Date "2008.10.25"]
[Round "2.8"]
[White "Kaisel, Rene"]
[Black "Puke, Carolin"]
[Result "1-0"]
[WhiteElo "1398"]
[BlackElo "1559"]
[PlyCount "77"]
[EventDate "2008.09.27"]
[EventType "team-tourn"]
[EventRounds "9"]
[EventCountry "GER"]
[SourceTitle "EXT 2010"]
[Source "ChessBase"]
[SourceDate "2010.11.25"]
[SourceVersion "1"]
[SourceVersionDate "2010.11.25"]
[SourceQuality "1"]
[WhiteTeam "Neuenkirchen II"]
[BlackTeam "Steinfurt II"]
[WhiteTeamCountry "GER"]
[BlackTeamCountry "GER"]

1. d4 d5 2. Nf3 Bg4 3. e3 Nf6 4. Be2 e6 5. 0-0 Bd6 6. h3 Bh5 7. Nbd2 0-0 8. c4 c6 9. c5 Bc7 10. b4 b6 11. a4 Nbd7 12. cxb6 axb6 13. Qc2 Rc8 14. Kh1 Nb8 15. Ba3 Bg6 16. Bd3 Bxd3 17. Qxd3 Bd6 18. e4 dxe4 19. Nxe4 Nxe4 20. Qxe4 Qe7 21. Rab1 Na6 22. b5 Bxa3 23. bxa6 Qa7 24. Qd3 Bd6 25. Rb2 Rfd8 26. Qe2 c5 27. dxc5 Bxc5 28. a5 Ra8 29. axb6 Bxb6 30. Rfb1 Bc5 31. Rc2 Bb6 32. Ra2 h6 33. Ne5 Qc7 34. Rc2 Qd6 35. Rc6 Qd2 36. Qxd2 Rxd2 37. Rcxb6 Rxf2 38. Rb8+ Rxb8 39. Rxb8+ 1-0